000 00431nam a22001697a 4500
003 OSt
020 _a9780071333450
082 _a330.015195
_bDAM/BA
100 _aGujarati, Damaodar N
245 _aBasic econometrics
250 _a5
260 _aNew Delhi
_bTata mcgraw hill education pvt ltd
_c2012
300 _a886p.
650 _aNature of regression
700 _aPorter, Dawn C
_aSangeetha gunasekar
942 _2ddc
_cBK
999 _c190832
_d190832